[Event "FRA-ch Seniors"]
[Site "Pau"]
[Date "2012.08.17"]
[Round "4"]
[White "Ruiz, Richard"]
[Black "Hoyer, Hans Gerd"]
[Result "0-1"]
[WhiteElo "2119"]
[BlackElo "1990"]
[PlyCount "90"]
[EventDate "2012.08.14"]
[EventType "swiss"]
[EventRounds "11"]
[EventCountry "FRA"]
[SourceTitle "EXT 2013"]
[Source "ChessBase"]
[SourceDate "2012.11.22"]
[SourceVersion "1"]
[SourceVersionDate "2012.11.22"]
[SourceQuality "1"]

1. d4 d6 2. Nc3 Nf6 3. Nf3 Bg4 4. Qd3 c6 5. e4 e6 6. Be2 Be7 7. a4 Na6 8. a5 Nb4 9. Qd1 b6 10. axb6 Qxb6 11. 0-0 0-0 12. Be3 Bxf3 13. gxf3 a5 14. Qd2 Qc7 15. Kh1 e5 16. Rg1 g6 17. Nd1 exd4 18. Bxd4 c5 19. Bc3 d5 20. Bxf6 Bxf6 21. c3 Nc6 22. exd5 Rfd8 23. Ne3 Ne7 24. Rad1 Be5 25. Rg2 Bf4 26. c4 Nf5 27. Qd3 Nd4 28. Nc2 Re8 29. Nxd4 cxd4 30. Bf1 Be5 31. f4 Bg7 32. f5 Rab8 33. fxg6 hxg6 34. b3 Re7 35. Be2 Rbe8 36. Bf3 Qf4 37. Rg4 Re1+ 38. Kg2 Qh6 39. Rxe1 Rxe1 40. c5 Be5 41. h3 Qc1 42. Be2 Rg1+ 43. Kf3 Rxg4 44. hxg4 Qf4+ 45. Kg2 Qh2+ 0-1

[Event "Vaujany op 3rd"]
[Site "Vaujany"]
[Date "2012.07.12"]
[Round "1"]
[White "Olivier, Jean Christophe"]
[Black "Hoyer, Hans Gerd"]
[Result "1-0"]
[WhiteElo "2394"]
[BlackElo "2032"]
[PlyCount "45"]
[EventDate "2012.07.12"]
[EventType "swiss"]
[EventRounds "9"]
[EventCountry "FRA"]
[SourceTitle "CBM 149 Extra"]
[Source "ChessBase"]
[SourceDate "2012.08.24"]
[SourceVersion "1"]
[SourceVersionDate "2012.08.24"]
[SourceQuality "1"]

1. e4 d6 2. d4 Nf6 3. Nc3 c6 4. Nf3 Bg4 5. Be2 e6 6. 0-0 Be7 7. Bf4 0-0 8. Nd2 Bxe2 9. Qxe2 Na6 10. Rad1 Re8 11. Rfe1 Nc7 12. Nc4 Bf8 13. Bg5 h6 14. Bh4 Be7 15. e5 dxe5 16. Bxf6 gxf6 17. dxe5 Nd5 18. Qh5 f5 19. Rd3 f4 20. Qxh6 Bg5 21. Qh5 f5 22. Qg6+ Kf8 23. Rh3 1-0

[Event "EU-ch 12th"]
[Site "Aix les Bains"]
[Date "2011.04.02"]
[Round "11"]
[White "Vedder, Richard"]
[Black "Hoyer, Hans Gerd"]
[Result "1-0"]
[WhiteElo "2267"]
[BlackElo "2070"]
[PlyCount "69"]
[EventDate "2011.03.22"]
[EventType "swiss"]
[EventRounds "11"]
[EventCountry "FRA"]
[SourceTitle "CBM 142 Extra"]
[Source "ChessBase"]
[SourceDate "2011.06.27"]
[SourceVersion "1"]
[SourceVersionDate "2011.06.27"]
[SourceQuality "1"]

1. e4 c5 2. Nf3 Nc6 3. d4 cxd4 4. Nxd4 g6 5. Nc3 Bg7 6. Be3 d6 7. Qd2 Nf6 8. f3 0-0 9. Bc4 Qa5 10. 0-0-0 Nxd4 11. Bxd4 a6 12. Kb1 Qc7 13. Bb3 b5 14. Bxf6 exf6 15. g4 Rd8 16. h4 Bb7 17. h5 g5 18. h6 Bh8 19. Bd5 b4 20. Ne2 Bxd5 21. exd5 Qe7 22. Nd4 f5 23. gxf5 Bxd4 24. Qxd4 Qe5 25. Rhg1 f6 26. f4 Qxd4 27. Rxd4 a5 28. fxg5 Re8 29. a3 bxa3 30. b3 Rec8 31. Re4 Rc5 32. Re7 a2+ 33. Kxa2 Rxc2+ 34. Kb1 Rh2 35. gxf6+ 1-0

[Event "EU-ch 12th"]
[Site "Aix les Bains"]
[Date "2011.03.31"]
[Round "9"]
[White "Ermeni, Avni"]
[Black "Hoyer, Hans Gerd"]
[Result "1-0"]
[WhiteElo "2264"]
[BlackElo "2070"]
[PlyCount "25"]
[EventDate "2011.03.22"]
[EventType "swiss"]
[EventRounds "11"]
[EventCountry "FRA"]
[SourceTitle "CBM 142 Extra"]
[Source "ChessBase"]
[SourceDate "2011.06.27"]
[SourceVersion "1"]
[SourceVersionDate "2011.06.27"]
[SourceQuality "1"]

1. e4 g6 2. d4 Bg7 3. Nc3 d6 4. f4 Nc6 5. Be3 Nh6 6. Nf3 Bg4 7. Qd2 Bxf3 8. gxf3 e5 9. fxe5 dxe5 10. Bg5 Nxd4 11. 0-0-0 Bf6 12. Bxf6 Qxf6 13. Qxh6 1-0

[Event "EU-ch 12th"]
[Site "Aix les Bains"]
[Date "2011.03.25"]
[Round "4"]
[White "Nuri, Kambez"]
[Black "Hoyer, Hans Gerd"]
[Result "1-0"]
[WhiteElo "2314"]
[BlackElo "2070"]
[PlyCount "51"]
[EventDate "2011.03.22"]
[EventType "swiss"]
[EventRounds "11"]
[EventCountry "FRA"]
[SourceTitle "CBM 142 Extra"]
[Source "ChessBase"]
[SourceDate "2011.06.27"]
[SourceVersion "1"]
[SourceVersionDate "2011.06.27"]
[SourceQuality "1"]

1. e4 g6 2. d4 Bg7 3. Nf3 c5 4. Nc3 cxd4 5. Nxd4 Nc6 6. Be3 d6 7. g3 Nf6 8. h3 a6 9. Bg2 Bd7 10. Nde2 b5 11. a3 Qc8 12. Nf4 Rb8 13. 0-0 h6 14. g4 Ne5 15. Nfd5 Nc4 16. Bd4 e5 17. Nxf6+ Bxf6 18. Nd5 Bg7 19. Bc3 Be6 20. Qd3 Bxd5 21. Qxd5 0-0 22. Rfe1 Rd8 23. Qd3 d5 24. exd5 Nxb2 25. Bxb2 e4 26. Qb3 1-0

[Event "FRA-ch Veterans"]
[Site "Belfort"]
[Date "2010.??.??"]
[Round "11"]
[White "Belluire, Patrice"]
[Black "Hoyer, Hans Gerd"]
[Result "1-0"]
[WhiteElo "1982"]
[BlackElo "2078"]
[PlyCount "139"]
[EventDate "2010.08.10"]
[EventType "swiss"]
[EventRounds "11"]
[EventCountry "FRA"]
[SourceTitle "CBM 138 Extra"]
[Source "ChessBase"]
[SourceDate "2010.10.29"]
[SourceVersion "1"]
[SourceVersionDate "2010.10.29"]
[SourceQuality "1"]

1. e4 g6 2. d4 Bg7 3. Nc3 d6 4. Nf3 a6 5. a4 Bg4 6. Be2 Nc6 7. Be3 Bxf3 8. Bxf3 e5 9. dxe5 Nxe5 10. Be2 Ne7 11. 0-0 0-0 12. f4 Nd7 13. Bd4 Nc6 14. Bxg7 Kxg7 15. Nd5 Nf6 16. Bf3 a5 17. Qd2 Nxd5 18. exd5 Nb4 19. Be2 c6 20. dxc6 bxc6 21. c3 Nd5 22. Rf3 Nf6 23. Qd4 c5 24. Qd2 Re8 25. Bb5 Re7 26. f5 Ne4 27. Qf4 Nf6 28. fxg6 Re4 29. Qd2 fxg6 30. Bc6 Ra7 31. Bxe4 Nxe4 32. Qd5 Nf6 33. Qg5 h6 34. Qf4 d5 35. Raf1 Ra6 36. Qe5 Rc6 37. h4 h5 38. Rf4 Qd6 39. Qxd6 Rxd6 40. R4f3 Re6 41. Rd1 Re4 42. Rdf1 Re6 43. g3 Kf7 44. Rd1 Rd6 45. Re1 Rd7 46. Rfe3 Ne4 47. c4 Nf6 48. cxd5 Rxd5 49. Re7+ Kf8 50. R7e6 Ng4 51. Rc6 Ne5 52. Rf1+ Ke7 53. Rb6 Kd7 54. Kg2 Ng4 55. Rf7+ Ke8 56. Rbb7 Ne5 57. Rh7 Nd7 58. Ra7 Kd8 59. b3 Rd2+ 60. Kf1 Rd3 61. Ke2 Rd6 62. Rg7 Re6+ 63. Kd2 Rd6+ 64. Kc3 Rd1 65. Rxg6 Ke7 66. Rxa5 Kf7 67. Rh6 Kg7 68. Rxh5 Nf6 69. Rg5+ Kf7 70. Kc2 1-0

[Event "FRA-ch Veterans"]
[Site "Belfort"]
[Date "2010.??.??"]
[Round "1"]
[White "Hoyer, Hans Gerd"]
[Black "Mercier, Pierre"]
[Result "1-0"]
[WhiteElo "2078"]
[BlackElo "1790"]
[PlyCount "49"]
[EventDate "2010.08.10"]
[EventType "swiss"]
[EventRounds "11"]
[EventCountry "FRA"]
[SourceTitle "CBM 138 Extra"]
[Source "ChessBase"]
[SourceDate "2010.10.29"]
[SourceVersion "1"]
[SourceVersionDate "2010.10.29"]
[SourceQuality "1"]

1. e4 c5 2. Nf3 d6 3. d3 g6 4. g3 Bg7 5. Bg2 Nc6 6. 0-0 e6 7. Nbd2 Nge7 8. c3 0-0 9. Re1 Rb8 10. Nf1 b5 11. Be3 b4 12. Qd2 bxc3 13. bxc3 Qa5 14. Rac1 Bd7 15. h4 Qa3 16. d4 Rb2 17. Rc2 Rfb8 18. Rec1 c4 19. Bh6 Nd8 20. Bxg7 Kxg7 21. Ne3 Ba4 22. Nxc4 Rxc2 23. Rxc2 Bxc2 24. Nxa3 Bxe4 25. Qf4 1-0

[Event "FRA-ch Veterans"]
[Site "Belfort"]
[Date "2010.??.??"]
[Round "10"]
[White "Hoyer, Hans Gerd"]
[Black "Negre, Albert"]
[Result "0-1"]
[WhiteElo "2078"]
[BlackElo "2098"]
[PlyCount "84"]
[EventDate "2010.08.10"]
[EventType "swiss"]
[EventRounds "11"]
[EventCountry "FRA"]
[SourceTitle "CBM 138 Extra"]
[Source "ChessBase"]
[SourceDate "2010.10.29"]
[SourceVersion "1"]
[SourceVersionDate "2010.10.29"]
[SourceQuality "1"]

1. e4 e5 2. Bc4 Nf6 3. d4 exd4 4. Nf3 Nc6 5. 0-0 Bc5 6. e5 d5 7. exf6 dxc4 8. Re1+ Be6 9. Ng5 Qd5 10. Nc3 Qf5 11. Nce4 0-0-0 12. g4 Qe5 13. fxg7 Rhg8 14. Nxe6 fxe6 15. Bh6 d3 16. c3 d2 17. Re2 Rd3 18. Qf1 Qd5 19. Rd1 Ne5 20. Qg2 Nf3+ 21. Kf1 Nh4 22. Qg1 Nf3 23. Qg3 Be7 24. Qf4 e5 25. Qf5+ Kb8 26. Qh5 b5 27. g5 Qe6 28. Kg2 Qf5 29. Ng3 Qe6 30. h3 Ne1+ 31. Kf1 Nf3 32. Kg2 Ne1+ 33. Kh2 Nf3+ 34. Kh1 Bxg5 35. Bxg5 Rxg7 36. Bf4 Qc6 37. Qh6 Rg6 38. Qf8+ Kb7 39. Qb4 exf4 40. Ne4 Rg5 41. a4 Ne1 42. Kh2 Rg2+ 0-1

[Event "FRA-ch Veterans"]
[Site "Belfort"]
[Date "2010.??.??"]
[Round "9"]
[White "Pinchon, Henri"]
[Black "Hoyer, Hans Gerd"]
[Result "0-1"]
[WhiteElo "1901"]
[BlackElo "2078"]
[PlyCount "154"]
[EventDate "2010.08.10"]
[EventType "swiss"]
[EventRounds "11"]
[EventCountry "FRA"]
[SourceTitle "CBM 138 Extra"]
[Source "ChessBase"]
[SourceDate "2010.10.29"]
[SourceVersion "1"]
[SourceVersionDate "2010.10.29"]
[SourceQuality "1"]

1. e4 g6 2. d4 Bg7 3. Nf3 d6 4. h3 c5 5. Bb5+ Bd7 6. Bxd7+ Nxd7 7. 0-0 Ngf6 8. Re1 cxd4 9. Nxd4 0-0 10. c3 Nc5 11. e5 dxe5 12. Rxe5 Nfe4 13. Rxe4 Nxe4 14. Qe1 Nd6 15. Na3 a6 16. Bd2 Re8 17. Rd1 Qb6 18. Nb3 Rac8 19. Be3 Qc7 20. Bd4 e5 21. Be3 Nf5 22. Bc1 b6 23. Nd2 Rcd8 24. Ne4 h6 25. f3 b5 26. Nc2 Rxd1 27. Qxd1 Qb6+ 28. Kh2 Kh7 29. Qe2 Rd8 30. Ne3 Nxe3 31. Bxe3 Qc7 32. Qf2 Re8 33. Bb6 Qb8 34. Ba7 Qd8 35. Bb6 Qd5 36. b3 f5 37. c4 bxc4 38. bxc4 Qe6 39. Nd2 e4 40. fxe4 fxe4 41. Be3 Be5+ 42. g3 Bg7 43. Qe2 h5 44. Kg2 Qc6 45. Nb3 Rf8 46. c5 h4 47. Qg4 hxg3 48. Qxg3 Rf3 49. Qh4+ Kg8 50. Qd8+ Rf8 51. Qg5 Rf5 52. Qd8+ Kh7 53. Qe7 Qd5 54. Nd2 Re5 55. Qh4+ Kg8 56. Qg4 Re6 57. Nb3 a5 58. Nc1 a4 59. Qe2 Bd4 60. Qd2 Qf5 61. Qxd4 Rf6 62. Qc4+ Kh7 63. Qe2 g5 64. Qh5+ Kg8 65. Qe2 Kf7 66. a3 Kg6 67. Na2 Qe6 68. Nb4 Rf3 69. Bf2 Qxh3+ 70. Kg1 Qg4+ 71. Kf1 e3 72. Qd3+ Qf5 73. Qd6+ Kh5 74. Qh2+ Rh3 75. Qg1 exf2 76. Qg2 Rxa3 77. Nc2 Qd3+ 0-1

[Event "FRA-ch Seniors"]
[Site "Aix les Bains"]
[Date "2007.08.23"]
[Round "9"]
[White "Laval, Hubert"]
[Black "Hoyer, Hans Gerd"]
[Result "1/2-1/2"]
[WhiteElo "1910"]
[BlackElo "2137"]
[PlyCount "76"]
[EventDate "2007.08.13"]
[EventType "swiss"]
[EventRounds "11"]
[EventCountry "FRA"]
[SourceTitle "CBM 120 Extra"]
[Source "ChessBase"]
[SourceDate "2007.11.01"]
[SourceVersion "1"]
[SourceVersionDate "2007.11.01"]
[SourceQuality "1"]

1. Nf3 d6 2. d4 g6 3. c4 Bg7 4. Nc3 Bg4 5. h3 Bxf3 6. gxf3 Nd7 7. e4 e5 8. dxe5 dxe5 9. h4 c6 10. Be3 Qc7 11. Qd2 Ne7 12. 0-0-0 f5 13. Bh6 Bf6 14. Bg5 0-0-0 15. Bh3 h6 16. Bxf6 Nxf6 17. Qc2 Rxd1+ 18. Rxd1 Nh5 19. exf5 Nf4 20. Bg4 h5 21. f6+ hxg4 22. fxe7 gxf3 23. Qe4 Qxe7 24. Re1 Qxh4 25. Qxf3 Qxf2 26. Qxf2 Nd3+ 27. Kd2 Nxf2 28. Rxe5 Kd7 29. Rg5 Rh6 30. Ke3 Nh3 31. Rg3 Ke6 32. b4 Kf5 33. Ne4 g5 34. Rf3+ Ke5 35. Rf7 b6 36. Rxa7 Re6 37. Rf7 b5 38. cxb5 cxb5 1/2-1/2

[Event "FRA-ch Seniors"]
[Site "Aix les Bains"]
[Date "2007.08.22"]
[Round "8"]
[White "Hoyer, Hans Gerd"]
[Black "Hirschmann, Georges"]
[Result "1/2-1/2"]
[WhiteElo "2137"]
[BlackElo "1942"]
[PlyCount "201"]
[EventDate "2007.08.13"]
[EventType "swiss"]
[EventRounds "11"]
[EventCountry "FRA"]
[SourceTitle "CBM 120 Extra"]
[Source "ChessBase"]
[SourceDate "2007.11.01"]
[SourceVersion "1"]
[SourceVersionDate "2007.11.01"]
[SourceQuality "1"]

1. e4 c5 2. Nf3 Nc6 3. d3 d6 4. g3 Nf6 5. Bg2 e6 6. 0-0 Be7 7. Re1 Qc7 8. c3 0-0 9. Bd2 Rb8 10. d4 e5 11. d5 Nd8 12. Na3 b5 13. Nc2 Bg4 14. Ne3 Qd7 15. Nxg4 Qxg4 16. h3 Qd7 17. b3 Ne8 18. h4 g6 19. Kh2 Ng7 20. Bh3 Qe8 21. Bh6 f5 22. Qe2 Rf7 23. Kg2 Bf8 24. Ng5 Rf6 25. Qc2 f4 26. Nf3 fxg3 27. fxg3 Be7 28. Rf1 Rf8 29. Rf2 Nf7 30. Be3 a5 31. Kg1 b4 32. c4 a4 33. Nh2 Nd8 34. Rxf8+ Bxf8 35. Ng4 Nh5 36. Rf1 Bg7 37. Kh2 axb3 38. axb3 Ra8 39. Nh6+ Bxh6 40. Bxh6 Ng7 41. Qf2 Ra7 42. Qf6 Rf7 43. Qxd6 Rxf1 44. Bxf1 Nf7 45. Qxc5 Nxh6 46. Bh3 Qf8 47. Qe3 Nf7 48. c5 Qa8 49. Qd2 Qa5 50. Qc2 Ne8 51. Be6 Kg7 52. Bd7 Qd8 53. Bb5 g5 54. h5 g4 55. Be2 Qc8 56. c6 Ng5 57. Qc4 Nf3+ 58. Kg2 Nd4 59. Qxb4 Qc7 60. Bxg4 Nd6 61. Bf5 N4xf5 62. exf5 Nxf5 63. Qg4+ Kf6 64. Qg8 Qd6 65. Kh3 e4 66. Qh8+ Kg5 67. Qg8+ Kf6 68. b4 e3 69. Kg2 e2 70. Kf2 Qe7 71. Qh8+ Kg5 72. Qc3 Qd6 73. c7 Ne7 74. Qe3+ Kxh5 75. Qxe2+ Kg6 76. Qxe7 Qxe7 77. c8Q Qxb4 78. Qe6+ Kg7 79. d6 Qd2+ 80. Kf3 Qd3+ 81. Kg2 Qc2+ 82. Kh3 Qd1 83. Qe7+ Kg6 84. Qe4+ Kg7 85. Qe7+ Kg6 86. Qe8+ Kg7 87. d7 Qh1+ 88. Kg4 h5+ 89. Kg5 Qd5+ 90. Kf4 Qd2+ 91. Ke4 Qe2+ 92. Kf5 Qg4+ 93. Ke5 Qxg3+ 94. Kd4 Qg1+ 95. Kc3 Qc1+ 96. Kd4 Qd2+ 97. Ke5 Qe3+ 98. Kd6 Qd4+ 99. Kc7 Qc5+ 100. Kd8 Qa5+ 101. Kc8 1/2-1/2

[Event "FRA-ch Seniors"]
[Site "Aix les Bains"]
[Date "2007.08.17"]
[Round "4"]
[White "Hoyer, Hans Gerd"]
[Black "Koenig, Joel"]
[Result "1-0"]
[WhiteElo "2137"]
[BlackElo "1905"]
[PlyCount "117"]
[EventDate "2007.08.13"]
[EventType "swiss"]
[EventRounds "11"]
[EventCountry "FRA"]
[SourceTitle "CBM 120 Extra"]
[Source "ChessBase"]
[SourceDate "2007.11.01"]
[SourceVersion "1"]
[SourceVersionDate "2007.11.01"]
[SourceQuality "1"]

1. e4 Nc6 2. c3 d5 3. exd5 Qxd5 4. d4 Nf6 5. Nf3 Bg4 6. Be2 e6 7. a3 Bd6 8. Nbd2 0-0 9. Nf1 e5 10. c4 Qe4 11. Ng3 Qg6 12. c5 Bxf3 13. Bxf3 Be7 14. Bxc6 bxc6 15. dxe5 Ng4 16. f4 Nxh2 17. Qb3 Bh4 18. Kf2 Rab8 19. Qc3 Bxg3+ 20. Qxg3 Qc2+ 21. Kg1 Rb3 22. Qh4 Nf3+ 23. gxf3 Qd1+ 24. Kh2 Qxf3 25. Rg1 Rd3 26. Qg4 g6 27. Qxf3 Rxf3 28. Kg2 Rb3 29. Kf2 Rd8 30. Rg3 Rb5 31. b4 a5 32. Rb1 Rd5 33. Rgb3 a4 34. Rg3 Kf8 35. Ke2 Ke7 36. Rd3 Ke6 37. Be3 Rb8 38. Rxd5 Kxd5 39. Rd1+ Ke6 40. Bf2 h5 41. Bh4 Rg8 42. Kf3 Rb8 43. Ke4 Rc8 44. Rf1 Rg8 45. Bg5 Rg7 46. f5+ gxf5+ 47. Rxf5 Rg6 48. Rf6+ Rxf6 49. Bxf6 Kd7 50. Kf5 Ke8 51. Bg5 Kf8 52. Bd8 Ke8 53. Bxc7 Kd7 54. Bd6 h4 55. Kg4 Ke6 56. Kxh4 Kd5 57. Kg5 Kc4 58. Kf6 Kb3 59. b5 1-0

[Event "FRA-chT2 0304a"]
[Site "France"]
[Date "2003.11.15"]
[Round "2.6"]
[White "Hoyer, Hans Gerd"]
[Black "Marino, Olivier"]
[Result "1-0"]
[WhiteElo "2152"]
[BlackElo "2138"]
[PlyCount "77"]
[EventDate "2003.10.??"]
[EventType "team"]
[EventRounds "11"]
[EventCountry "FRA"]
[SourceTitle "EXT 2005"]
[Source "ChessBase"]
[SourceDate "2004.11.15"]
[SourceVersion "1"]
[SourceVersionDate "2004.11.15"]
[SourceQuality "1"]
[WhiteTeam "Marseille Reciproque"]
[BlackTeam "Cannes II"]
[WhiteTeamCountry "FRA"]
[BlackTeamCountry "FRA"]

1. e4 c5 2. Nf3 d6 3. d3 Nc6 4. g3 g6 5. Bg2 Bg7 6. 0-0 e5 7. Nbd2 Nge7 8. a4 0-0 9. Nc4 d5 10. exd5 Nxd5 11. Re1 Re8 12. Ng5 f5 13. c3 h6 14. Nf3 b6 15. Qb3 Be6 16. Qb5 Qc7 17. Nh4 Kh7 18. f4 Rad8 19. a5 exf4 20. axb6 axb6 21. Bxf4 Nxf4 22. Qxc6 Nh3+ 23. Kf1 Qxc6 24. Bxc6 Re7 25. Nxb6 Bf6 26. Bg2 Ng5 27. Ra5 Rc7 28. Nf3 Bf7 29. Ne5 Bxe5 30. Rxe5 Rxd3 31. Raxc5 Ra7 32. Ra5 Rc7 33. Nd5 Bxd5 34. Raxd5 Rxd5 35. Rxd5 Nf7 36. Rb5 Nd6 37. Rb4 Kg7 38. Bd5 Kf6 39. Rb6 1-0

[Event "FRA-ch Veterans"]
[Site "Val d'Isere"]
[Date "2002.08.??"]
[Round "5.2"]
[White "Dubreuil, Remy"]
[Black "Hoyer, Hans Gerd"]
[Result "0-1"]
[WhiteElo "2053"]
[BlackElo "2153"]
[PlyCount "182"]
[EventDate "2002.08.20"]
[EventType "swiss"]
[EventRounds "11"]
[EventCountry "FRA"]
[SourceTitle "EXT 2003"]
[Source "ChessBase"]
[SourceDate "2002.11.25"]
[SourceVersion "1"]
[SourceVersionDate "2002.11.25"]
[SourceQuality "1"]

1. e4 g6 2. d4 d6 3. Nc3 c6 4. Nf3 Bg7 5. Be3 Nf6 6. Bd3 0-0 7. 0-0 Bg4 8. h3 Bxf3 9. Qxf3 Nbd7 10. Qe2 b5 11. a4 b4 12. Nd1 c5 13. dxc5 Nxc5 14. Bxc5 dxc5 15. Ne3 Nh5 16. Nc4 Nf4 17. Qf3 Nxd3 18. cxd3 Bd4 19. a5 Qc7 20. Rac1 Rad8 21. Rc2 Rd7 22. Rfc1 Rfd8 23. e5 Bxe5 24. Nxe5 Qxe5 25. Rxc5 Qxb2 26. Rc8 Kg7 27. Qe3 Rxc8 28. Rxc8 Qa1+ 29. Kh2 Qxa5 30. Rb8 Qd5 31. Rxb4 Qd6+ 32. Qf4 e5 33. Qe4 f5 34. Qc4 Rc7 35. Qb3 e4+ 36. g3 exd3 37. Qb2+ Kf7 38. Rd4 Qb6 39. Qa2+ Qe6 40. Qxe6+ Kxe6 41. Rxd3 Rd7 42. Ra3 Kd5 43. g4 fxg4 44. hxg4 Kc4 45. Ra1 Kb3 46. g5 Kb4 47. Rb1+ Kc4 48. Ra1 Rf7 49. Kg3 Kb5 50. Rb1+ Kc5 51. Rc1+ Kd5 52. Ra1 Rb7 53. f4 Kc6 54. Rc1+ Kd7 55. Ra1 Kc8 56. Kf3 Kb8 57. Ke4 Re7+ 58. Kd5 Rf7 59. Ke4 Rb7 60. Ke5 Rb5+ 61. Kf6 a5 62. Rh1 Rb7 63. f5 gxf5 64. Kxf5 Ka7 65. Ke4 Rg7 66. Kd4 Kb6 67. Kc4 Kc6 68. Rh6+ Kd7 69. Kb3 Ke8 70. Ka4 Kf8 71. Rh5 Ra7 72. Rh6 Kg7 73. Rh1 Kg6 74. Rg1 Kf5 75. Rg2 Ra6 76. Kb5 Rg6 77. Rh2 Rxg5 78. Kxa5 h5 79. Kb4 Kf4 80. Kc4 Kg3 81. Rh1 Kg2 82. Rd1 Rf5 83. Kd4 h4 84. Ke4 Rf8 85. Rd2+ Rf2 86. Rd8 h3 87. Rg8+ Kf1 88. Ke3 h2 89. Ra8 Re2+ 90. Kd3 h1Q 91. Ra1+ Re1 0-1

[Event "FRA-ch Veterans"]
[Site "Val d'Isere"]
[Date "2002.08.??"]
[Round "9.3"]
[White "Hoyer, Hans Gerd"]
[Black "Vacca, Georges"]
[Result "1-0"]
[WhiteElo "2153"]
[BlackElo "2022"]
[PlyCount "99"]
[EventDate "2002.08.20"]
[EventType "swiss"]
[EventRounds "11"]
[EventCountry "FRA"]
[SourceTitle "EXT 2003"]
[Source "ChessBase"]
[SourceDate "2002.11.25"]
[SourceVersion "1"]
[SourceVersionDate "2002.11.25"]
[SourceQuality "1"]

1. e4 d6 2. d4 Nf6 3. Nc3 g6 4. g3 Bg7 5. Bg2 0-0 6. Nge2 e5 7. h3 Nc6 8. Be3 Re8 9. 0-0 exd4 10. Nxd4 Nxd4 11. Bxd4 Be6 12. Re1 c6 13. Qd2 Qc7 14. Be3 d5 15. e5 Ne4 16. Nxe4 dxe4 17. Bf4 Bxe5 18. Rxe4 Bxf4 19. Rxf4 Rad8 20. Qc3 Qd7 21. g4 Bd5 22. Rd4 Qe6 23. Rad1 Re7 24. Qd3 Rde8 25. Bxd5 cxd5 26. Rxd5 Qc6 27. Rd2 Re1+ 28. Kg2 R1e2 29. Qf3 Rxd2 30. Rxd2 Qb5 31. b3 Qa5 32. Rd7 Rf8 33. a4 b6 34. Qb7 Qe1 35. Qd5 Qc3 36. Rxa7 Qxc2 37. Rb7 Qc3 38. Ra7 Qb2 39. Rb7 Qf6 40. g5 Qf4 41. Rxb6 Re8 42. Rf6 Qc7 43. Rd6 Qc1 44. a5 Qb2 45. a6 Re5 46. Rd8+ Kg7 47. Qd4 Qxd4 48. Rxd4 Rxg5+ 49. Kf3 Ra5 50. Ra4 1-0